00581nam a2200145Ia 4500008004100000050002400041100002800065245006800093260008600161300002800247521002700275942000700302999001900309952010700328140724s9999 xx 000 0 und d aT 58.6b.Ag262 2013 aAgasino, Mara Angela L. aPoint of sales system for EDL Botica /cMara Angela L. Agasino. aLas Piñas, Philippines :bSouthville International School and Colleges,cc2013. a75 p. :bill. ;c28 cm. aInformation Technology cTH c229107d229107 001040aCLbCLcTHESESd2014-07-24l0oT 58.6 .Ag262 2013pT0461r2018-05-15 00:00:00w2014-07-24yTH